LEADER 02461nam0 22004813i 450 001 SBL0583461 005 20251003044357.0 020 $aIT$b776608 100 $a20080925d1977 ||||0itac50 ba 101 | $aita 102 $ait 181 1$6z01$ai $bxxxe 182 1$6z01$an 183 1$6z01$anc$2RDAcarrier 200 1 $aˆLe ‰motivazioni all'investimento nella grande impresa$euna ricerca sull'esperienza italiana 1958-1973$fGiovanni Zanetti$gcondotta con la collaborazione di Piercarlo Frigero, Giovanni Fraquelli e Giorgio Donna 210 $aBologna$cIl mulino$d\1977! 215 $a542 p.$d22 cm. 225 | $aStudi e ricerche$v65 410 0$1001CFI0001423$12001 $aStudi e ricerche$v65 500 10$aˆLe ‰motivazioni all'investimento nella grande impresa.$3MSE0075933$9CFIV037324$952777 606 $aIndustria italiana$xInvestimenti$x1958-1973$2FIR$3LO1C025058$9I 676 $a322.30945$9AFFARI E INDUSTRIA. ITALIA$v20 676 $a332.6$9INVESTIMENTI$v12 676 $a332.60945$9INVESTIMENTI. ITALIA$v19 676 $a332.670945$9$v21 676 $a338.644$9GRANDI IMPRESE$v19 676 $a338.644$9GRANDE IMPRESA$v21 696 $aInvestimenti finanziari 699 $aInvestimenti$yInvestimenti finanziari 700 1$aZanetti$b, Giovanni$f <1937- >$3CFIV037324$4070$010079 702 1$aFrigero$b, Piercarlo$3CFIV149693 702 1$aFraquelli$b, Giovanni$3LO1V017801 702 1$aDonna$b, Giorgio$3LO1V041615 790 1$aFrigero$b, Pier Carlo$3CFIV164363$zFrigero, Piercarlo 801 3$aIT$bIT-000000$c20080925 850 $aIT-BN0095 $aIT-NA0457 901 $bNAP BI$cSALA 5 $nLibri da 4151 in poi 901 $bNAP 01$cPOZZO LIB.$nVi sono collocati fondi di economia, periodici di ingegneria e scienze, periodici di economia e statistica e altri fondi comprendenti documenti di economia pervenuti in dono. 912 $aSBL0583461 950 0$aBiblioteca Centralizzata di Ateneo$c1 v. in due copie$d 01POZZO LIB.F. PARRAVICINI 234$e 0101 0600161025E VMA 1 v. (Precedente collocazione P 247)$fB $h20220908$i20220908$c1 v. in due copie$d 01POZZO LIB.F. PARRAVICINI 234$e 0101 0600170215E VMA (bis 1 v. (2. copia. - Precedente collocazione P. 1164)$fB $h20050930$i20231109 977 $a 01$a BI 996 $aMotivazioni all'investimento nella grande impresa$952777 997 $aUNISANNIO